<?xml version="1.0" encoding="UTF-8"?>
<record
    xmlns:xsi="http://www.w3.org/2001/XMLSchema-instance"
    xsi:schemaLocation="http://www.loc.gov/MARC21/slim http://www.loc.gov/standards/marcxml/schema/MARC21slim.xsd"
    xmlns="http://www.loc.gov/MARC21/slim">

  <leader>03866nam a22002657a 4500</leader>
  <controlfield tag="005">20240305165548.0</controlfield>
  <controlfield tag="007">cr||||   |||| </controlfield>
  <controlfield tag="008">200608s2020    es |||||s|||| 00||0 spa d</controlfield>
  <datafield tag="020" ind1=" " ind2=" ">
    <subfield code="a">978-84-121481-4-5</subfield>
  </datafield>
  <datafield tag="035" ind1=" " ind2=" ">
    <subfield code="a">31719</subfield>
  </datafield>
  <datafield tag="040" ind1=" " ind2=" ">
    <subfield code="a">vLex</subfield>
  </datafield>
  <datafield tag="090" ind1=" " ind2=" ">
    <subfield code="c">10573</subfield>
    <subfield code="d">10573</subfield>
  </datafield>
  <datafield tag="100" ind1="1" ind2=" ">
    <subfield code="a">Piva Torres, Gianni Egidio</subfield>
  </datafield>
  <datafield tag="245" ind1="1" ind2="2">
    <subfield code="a">El concepto dogm&#xE1;tico del dolo y la culpa penal</subfield>
    <subfield code="h">[Recurso electr&#xF3;nico] /</subfield>
    <subfield code="c">Gianni Egidio Piva Torres, Inmaculada Coromoto Fonseca Granadillo</subfield>
  </datafield>
  <datafield tag="256" ind1=" " ind2=" ">
    <subfield code="a">Servicio en l&#xED;nea</subfield>
  </datafield>
  <datafield tag="260" ind1=" " ind2=" ">
    <subfield code="a">Barcelona:</subfield>
    <subfield code="b">J.M. Bosch Editor,</subfield>
    <subfield code="c">2020</subfield>
  </datafield>
  <datafield tag="300" ind1=" " ind2=" ">
    <subfield code="a">1 recurso electr&#xF3;nico</subfield>
  </datafield>
  <datafield tag="500" ind1=" " ind2=" ">
    <subfield code="a">El estudio, que realizamos lo hacemos en dos elementos de la dogmatica del delito, como son el dolo y la culpa, siendo estos tan distantes y tan cercanos, como el caso del Dolus Eventualis, su cercan&#xED;a con la culpa consiente. Tanto en el dolo, como en la culpa, hacemos un estudio de las principales doctrinas, que se encargan de dar fundamento a cada uno, y acogido, para nosotros la que se&#xF1;ala que el dolo, es un elemento subjetivo, voluntario y querido, por el sujeto activo, mientras que la culpa no tiene la intenci&#xF3;n, es decir no es voluntaria ni querida por el sujeto activo, de ah&#xED; que se caracteriza por su menor pena, se fundamenta en la impericia, imprudencia, negligencia, o observancia de &#xF3;rdenes, reglamentos, o normativas, por parte del sujeto activo. Es aqu&#xED; donde radica la diferencia de ambas conductas. Es tan subjetivo el dolo, que viendo un ejemplo sencillo lo dejamos demostrado, como el caso del ciudadano, que va al supermercado y sustrae un producto, camina por todo el supermercado con el producto en la mano, se dirige a la caja, cancela el resto de los productos y sale del supermercado, es en ese momento donde se percata, de que sustrajo este producto, a los ojos de cualquier esc&#xE9;ptico, se cometi&#xF3; un hurto sin violencia, pero al no tener intenci&#xF3;n de cometerlo, desaparece el dolo y en consecuencia el delito. Este es el ejemplo t&#xED;pico, de que el dolo es un elemento de naturaleza subjetiva. En cuanto al dolo eventual, se estudia diversas teor&#xED;as, que le dieron su origen, incluso las alemanas, donde tiene su origen. Se hace &#xE9;nfasis en la doctrina denominada la correa de cuero, para llegar de esta manera al an&#xE1;lisis de los elementos definitorios, que se imprimen en nuestro C&#xF3;digo penal, como son: &#x93;&#x85;.sido prevista como probable y su no producci&#xF3;n se deja librada al azar&#x94;. En esta definici&#xF3;n, se hace bastante dif&#xED;cil delimitar las fronteras entre el dolo y la culpa, inclin&#xE1;ndose algunos doctrinarios por la culpa consciente. Siguiendo con el estudio de la culpa, analizamos su naturaleza, sus doctrinas, las diferentes posiciones de los doctrinarios, tanto nacionales como for&#xE1;neos. Dejamos clara la postura, de que la culpa no admite dispositivos amplificadores, o dicho en otras palabras no se puede hablar en los delitos culposos de tentativa, frustraci&#xF3;n o delito continuado, y que para esto no se requiere intenci&#xF3;n, y de haber intencionalidad estar&#xED;amos en dolo, no en culpa -otra de las diferencias b&#xE1;sicas-. Dejamos finalmente claro como lo se&#xF1;ala nuestra legislaci&#xF3;n, la doctrina y la jurisprudencia, que los delitos dolosos, son las reglas y los culposos son excepci&#xF3;n, y los mismos lo tipifica previamente el legislador.</subfield>
  </datafield>
  <datafield tag="506" ind1="1" ind2=" ">
    <subfield code="a">Disponible solo en los productos indicados</subfield>
    <subfield code="d">vLex Global</subfield>
    <subfield code="d">vLex Global (Academic Edition, excluding Law Schools)</subfield>
    <subfield code="d">vLex Global (U.S. Academic Edition, Law Schools)</subfield>
    <subfield code="d">vLex Global (U.S. Academic Edition, excluding Law Schools)</subfield>
    <subfield code="d">vLex Global (Academic Edition, Law Schools)</subfield>
  </datafield>
  <datafield tag="650" ind1="0" ind2="4">
    <subfield code="a">Procedimiento Penal</subfield>
    <subfield code="z">Espa&#xF1;a</subfield>
  </datafield>
  <datafield tag="700" ind1="1" ind2=" ">
    <subfield code="a">Fonseca Granadillo, Inmaculada Coromoto</subfield>
  </datafield>
  <datafield tag="740" ind1="0" ind2=" ">
    <subfield code="a">vLex Libros (Servicio en l&#xED;nea)</subfield>
  </datafield>
  <datafield tag="856" ind1="4" ind2="0">
    <subfield code="u">https://app.vlex.com/#/sources/concepto-dogmatico-del-dolo-y-la-culpa-penal-31719</subfield>
  </datafield>
  <datafield tag="942" ind1=" " ind2=" ">
    <subfield code="c">RAA</subfield>
  </datafield>
  <datafield tag="952" ind1=" " ind2=" ">
    <subfield code="0">0</subfield>
    <subfield code="1">0</subfield>
    <subfield code="4">0</subfield>
    <subfield code="7">0</subfield>
    <subfield code="8">VLEX</subfield>
    <subfield code="9">326769</subfield>
    <subfield code="a">BD-UIN</subfield>
    <subfield code="b">BD-UIN</subfield>
    <subfield code="d">2024-03-05</subfield>
    <subfield code="l">0</subfield>
    <subfield code="p">31719</subfield>
    <subfield code="r">2024-03-05</subfield>
    <subfield code="w">2024-03-05</subfield>
    <subfield code="y">RAA</subfield>
  </datafield>
  <datafield tag="999" ind1=" " ind2=" ">
    <subfield code="c">168809</subfield>
    <subfield code="d">168809</subfield>
  </datafield>
</record>
